000
00309nam a2200109Ia 4500
008
171211s9999 xx 000 0 und d
245
_a
Harmonic Rhythm: Analysis and Interpretation
245
_c
Joseph P. Swain
260
_c
2002
650
_x
music
856
_u
http://down.ebook777.com/061/9780195150872.pdf
999
_c
348668
_d
348668